000
00309nam a2200133Ia 4500
005
20260328104310.0
008
260328s9999||||xx |||||||||||||| ||und||
100
_a
Xie, Yeal
245
0
_a
Spas Holiday Resorts /
_c
Yeal Xie
260
_b
Design Media
300
_a
236 p.
650
_a
HOTELES
942
_c
BK
999
_c
10931
_d
10931